Daňové aspekty zamestnaneckých benefitov na Slovensku

Odmeňovanie prostredníctvom zamestnaneckých benefitov. Zamestnanecké benefity, občas nazývané aj zamestnanecké výhody, predstavujú v súčasnosti, okrem kedysi bežných finančných ohodnotení a peňažného odmeňovania, najmä rôzne spôsoby nepeňažného odmeňovania.

Gespeichert in:
Bibliographische Detailangaben
1. Verfasser: Andrlík, Břetislav
Weitere Verfasser: Kováčová, Kristína
Format: Buchkapitel
Sprache:Slowakisch
Schlagworte:
Tags: Tag hinzufügen
Keine Tags, Fügen Sie das erste Tag hinzu!

MARC

LEADER 00000nla a2200000 4500
001 0247467
005 20240417075144.8
041 0 |a slo 
044 |a CZ 
245 1 0 |a Daňové aspekty zamestnaneckých benefitov na Slovensku  |c Břetislav Andrlík, Kristína Kováčová 
520 |a Odmeňovanie prostredníctvom zamestnaneckých benefitov. Zamestnanecké benefity, občas nazývané aj zamestnanecké výhody, predstavujú v súčasnosti, okrem kedysi bežných finančných ohodnotení a peňažného odmeňovania, najmä rôzne spôsoby nepeňažného odmeňovania. 
610 2 0 |a benefity 
610 2 0 |a zamestnanci 
610 2 0 |a zamestnávatelia 
610 2 0 |a výhody zamestnanecké 
610 2 0 |a náklady 
610 2 0 |a dane 
610 2 0 |a odmeňovanie 
610 2 0 |a Slovensko 
100 1 |a Andrlík, Břetislav 
700 1 |a Kováčová, Kristína